| 000 | 00803cam a2200253 i 4500 | ||
|---|---|---|---|
| 999 |
_c129349 _d129349 |
||
| 001 | 871660 | ||
| 003 | ARRUPE | ||
| 005 | 20190402090452.0 | ||
| 008 | 791010s1978 enka b 000 0 eng | ||
| 010 | _a 79315225 | ||
| 015 | _aGB78-34610 | ||
| 020 |
_a0713911182 : _c£4.95 |
||
| 040 |
_aDLC _cDLC _dDLC |
||
| 050 | 0 | 0 |
_aRC437.5 _b.C66 |
| 082 | 0 | 0 | _a616.8/9/001 |
| 100 | 1 |
_aCooper, D. G. _q(David Graham), _d1931-1986. _945684 |
|
| 245 | 1 | 4 |
_aThe language of madness / _c[by] David Cooper. |
| 260 |
_aMiddlesex : _bPenguin Books, _c1980. |
||
| 300 |
_a182 p. : _b1 ill. ; _c23 cm. |
||
| 504 | _aIncludes bibliographical references. | ||
| 650 | 0 |
_aAntipsychiatry. _945492 |
|
| 650 | 0 |
_aSchizophrenics _xLanguage. _945685 |
|
| 906 |
_a7 _bcbc _corignew _d3 _encip _f19 _gy-gencatlg |
||
| 942 |
_2lcc _cMONOGRAPH |
||